| 000 | 00878nam a2200217Ia 4500 | ||
|---|---|---|---|
| 003 | GCL | ||
| 005 | 20240530105140.0 | ||
| 008 | 140319s9999 xx 000 0 ara d | ||
| 040 |
_aGCL / _cGCL |
||
| 082 | 0 | 4 |
_a220/ _bز ب |
| 100 | 1 | _aالزركشى : بدرالدين ابو عبدالله محمد بن بهادر بن عبدالله التركى الحصرى | |
| 245 | 1 | 0 |
_aالبرهان فى علوم القران / _cبدر الدين محمد بن عبدالله الزركشى ؛ تحقيق محمد ابو الفضل ابراهيم |
| 260 |
_aبيروت : _bدار الجيل ، _c1988 |
||
| 300 |
_a4اجزاء ؛ _c22 سم |
||
| 650 | 0 | 4 | _aالاسلام |
| 650 | 0 | 4 | _aالشريعة الاسلامية |
| 650 | 0 | 4 | _aالفقه الاسلامى |
| 650 | 0 | 4 | _aالقران |
| 700 | 0 |
_aمحمد ابو الفضل ابراهيم _eمحقق |
|
| 942 |
_2ddc _cBK |
||
| 999 |
_c53550 _d53550 |
||